000 00677nam a2200217Ii 4500
003 JO-AjNU
008 230605s9999||||xx |||||||||||||| ||und||
017 _a2006/5/1318
040 _aJO-AjNU
_bara
_erda
_cJO-AjNU
041 _aara
050 1 4 _aP95.455.Z39 2007
100 3 _aخليل زايد,فهد تأليف,
_eauthor
_924633
245 0 0 _aفن الحوار والإقناع
250 _aط1
264 3 1 _aعمان:دار النفائس,2006
300 _a208ص
336 _atext
_btxt
_2rdacontent
337 _aunmediated
_bn
_2rdamedia
338 _avolume
_bnc
_2rdacarrier
650 4 _aالثقافة الجماهيرية-الحوار الثقافي
_924634
999 _aA9101
_c12669
_d12669